| 000 | 01207nam a22003617a 4500 | ||
|---|---|---|---|
| 001 | BR2018000612 | ||
| 003 | BR-BrBNA | ||
| 005 | 20230928105233.0 | ||
| 007 | ta | ||
| 008 | 230509b bl.||||| |||| 00| 0 por d | ||
| 040 |
_aBR-BrBNA _bpor _cBiblioteca Nacional de Agricultura |
||
| 041 | _a(Por) | ||
| 072 |
_aF30 _b1123 |
||
| 090 | _ 1123 BR2018000612 | ||
| 100 | 1 | _aJesus, O.N. de | |
| 100 | 1 | _aOliveira, E.J. de | |
| 100 | 1 | _aSoares, T.L. | |
| 100 | 1 | _aFaleiro, F.G. | |
| 110 | 1 | _aEMBRAPA Cerrados, Planaltina, DF (Brasil) | |
| 110 | 1 | _aEMBRAPA Mandioca e Fruticultura, Cruz das Almas, BA (Brasil) | |
| 245 | 1 | _aAplicação de descritores morfoagrônomicos utilizados em ensaios de DHE de cultivares de maracujazeiro-doce, ornamental, medicinal, incluindo espécies silvestres e híbridos interespecíficos (Passiflora spp.); manual prático | |
| 260 | 3 |
_aBrasília, DF (Brasil): _c2015. |
|
| 300 | _a45 p. | ||
| 500 | _a16 ref.; 27 illus. | ||
| 650 | _aMARACUJÁ | ||
| 650 | _aPLANTA ORNAMENTAL | ||
| 650 | _aPLANTA MEDICINAL | ||
| 650 | _aHÍBRIDO | ||
| 650 | _aVARIEDADE | ||
| 650 | _aCARACTERÍSTICAS AGRONÔMICAS | ||
| 909 |
_a202309 _bLucia _c55 _dLucia Elande |
||
| 942 | _cBK | ||
| 999 |
_c84213 _d84213 |
||